000 004570000a22001810004500
003 MACL
005 20150714142951.0
008 150714b xxu||||| |||| 00| 0 eng d
040 _aMACL
_cMACL
041 _aEnglish
082 _a322/MAR
100 _aMarkandan, k.C.
_92038
245 _aCentre State Relations
_bThe Perspective
260 _bABS Publications
_c1986
_aJalandar
350 _a200
650 _aPolitical Science
_988
942 _cBK
_k322
_2ddc
999 _c5509
_d5509